| 000 -LEADER |
| fixed length control field |
01004cam a22002774a 4500 |
| 003 - CONTROL NUMBER IDENTIFIER |
| control field |
OSt |
| 005 - DATE AND TIME OF LATEST TRANSACTION |
| control field |
20201006160340.0 |
| 008 - FIXED-LENGTH DATA ELEMENTS--GENERAL INFORMATION |
| fixed length control field |
110804s2012 enkab b 001 0 eng |
| 010 ## - LIBRARY OF CONGRESS CONTROL NUMBER |
| LC control number |
2011033267 |
| 020 ## - INTERNATIONAL STANDARD BOOK NUMBER |
| International Standard Book Number |
9780415783415 (pbk.) |
| 042 ## - AUTHENTICATION CODE |
| Authentication code |
pcc |
| 082 00 - DEWEY DECIMAL CLASSIFICATION NUMBER |
| Classification number |
720.1/03 |
| Edition number |
23 |
| 245 04 - TITLE STATEMENT |
| Title |
The cultural role of architecture : |
| Remainder of title |
contemporary and historical perspectives / |
| Statement of responsibility, etc |
edited by Paul Emmons, John Hendrix and Jane Lomholt. |
| 260 ## - PUBLICATION, DISTRIBUTION, ETC. (IMPRINT) |
| Place of publication, distribution, etc |
Milton Park, Abingdon, Oxon ; |
| -- |
New York, NY : |
| Name of publisher, distributor, etc |
Routledge, |
| Date of publication, distribution, etc |
2012. |
| 300 ## - PHYSICAL DESCRIPTION |
| Extent |
xxviii, 228 p. : |
| Other physical details |
ill., maps ; |
| Dimensions |
24 cm. |
| 504 ## - BIBLIOGRAPHY, ETC. NOTE |
| Bibliography, etc |
Includes bibliographical references and index. |
| 648 #7 - SUBJECT ADDED ENTRY--CHRONOLOGICAL TERM |
| Source of heading or term |
swd |
| Chronological term |
Geschichte. |
| 650 #0 - SUBJECT ADDED ENTRY--TOPICAL TERM |
| Topical term or geographic name as entry element |
Architecture and society. |
| 655 #4 - INDEX TERM--GENRE/FORM |
| Genre/form data or focus term |
Aufsatzsammlung. |
| 700 1# - ADDED ENTRY--PERSONAL NAME |
| Personal name |
Emmons, Paul. |
| 700 1# - ADDED ENTRY--PERSONAL NAME |
| Personal name |
Hendrix, John Shannon. |
| 700 1# - ADDED ENTRY--PERSONAL NAME |
| Personal name |
Lomholt, Jane. |
| 906 ## - LOCAL DATA ELEMENT F, LDF (RLIN) |
| a |
7 |
| b |
cbc |
| c |
orignew |
| d |
1 |
| e |
ecip |
| f |
20 |
| g |
y-gencatlg |
| 942 ## - ADDED ENTRY ELEMENTS (KOHA) |
| Source of classification or shelving scheme |
|
| 955 ## - COPY-LEVEL INFORMATION (RLIN) |
| Classification number, CCAL (RLIN) |
xn02 2012-04-04 1 copy rec'd., to CIP ver. |
| Book number/undivided call number, CCAL (RLIN) |
rc14 2011-08-04; |
| Copy information and material description, CCAL + MDES (RLIN) |
rc14 2011-08-04 to Subj. |